000 01481cad a22002655a 4500
001 E147604
008 090528s1999 xxk f 000 0 eng d
035 _a(Sirsi) u147604
041 0 _aeng
050 0 4 _a711.558 $2 18
110 2 _aScottish Natural Heritage
_92794
245 0 0 _aUpland pathwork
_bconstruction standards for Scotland
_h[electronic resource]
260 _aRedgorton
_bSNH
_c1999
505 0 _aPreface -- Section 1: introduction to upland pathwork -- Section 2: upland path drainage -- Section 3: upland path surfaces -- Section 4: upland path site restoration -- Glossary of symbols -- Glossary of terms
520 _aAimed at anyone managing upland paths in Scotland, this publication offers guidance on the basic principles of upland path management, as well as pathwork techniques, and the context within which they should be used. Complements the publication "Upland path management", which offers general guidance on upland path projects (see E147605).
521 _aAdvanced
590 _aKA
651 4 _aScotland
_y1999-
690 _aENVIRONMENTAL AND LAND CONSULTANCY-ENVIRONMENTAL MANAGEMENT-ENVIRONMENTAL CONSERVATION-LANDSCAPE CONSERVATION
710 1 _aHighlands and Islands Enterprise
710 1 _aNational Trust for Scotland
_93899
710 1 _aFootpath Trust
856 4 0 _uhttps://www.snh.org.uk/publications/on-line/heritagemanagement/uplandpathwork/index.shtml
_zView the report free of charge at www.snh.org.uk...
942 _n0
999 _c109646
_d109646